[Event "Agneaux St Lo op 09th"]
[Site "Agneaux"]
[Date "2005.02.18"]
[Round "4"]
[White "Cheype, Marie"]
[Black "Jumilus, Herve"]
[Result "1-0"]
[WhiteElo "1720"]
[BlackElo "1660"]
[PlyCount "31"]
[EventDate "2005.02.16"]
[EventType "swiss"]
[EventRounds "6"]
[EventCountry "FRA"]
[SourceTitle "EXT 2006"]
[Source "ChessBase"]
[SourceDate "2005.11.24"]
[SourceVersion "1"]
[SourceVersionDate "2005.11.24"]
[SourceQuality "1"]

1. e4 e5 2. Nf3 Nc6 3. Bb5 Nd4 4. Nxd4 exd4 5. Qf3 Qf6 6. Qb3 a6 7. Be2 Qf4 8. Qd5 Nf6 9. Qxd4 c5 10. Qe3 Qe5 11. d3 Bd6 12. f4 Qe7 13. e5 Nd5 14. Qf3 Nb4 15. exd6 Nxc2+ 16. Kd1 1-0